[Event "JOR-ch"]
[Site "Amman"]
[Date "2009.04.11"]
[Round "4"]
[White "Mansour, Sameer"]
[Black "Rimawi, BT."]
[Result "1/2-1/2"]
[WhiteElo "2255"]
[BlackElo "2240"]
[PlyCount "88"]
[EventDate "2009.04.09"]
[EventType "swiss"]
[EventRounds "9"]
[EventCountry "JOR"]
[SourceTitle "CBM 130 Extra"]
[Source "ChessBase"]
[SourceDate "2009.07.02"]
[SourceVersion "2"]
[SourceVersionDate "2009.07.15"]
[SourceQuality "1"]

1. Nf3 g6 2. d4 Nf6 3. Bg5 Bg7 4. Nbd2 0-0 5. e4 d6 6. c3 c5 7. dxc5 dxc5 8. Bc4 Nc6 9. 0-0 Qc7 10. Re1 h6 11. Bh4 Na5 12. Bf1 Be6 13. Qc2 Nh5 14. Nb3 g5 15. Nxa5 Qxa5 16. Bg3 Nxg3 17. hxg3 Rfd8 18. Nd2 Rd7 19. Nc4 Qc7 20. a4 Rad8 21. e5 Bxc4 22. Bxc4 e6 23. Qe4 Rd2 24. f4 Rxb2 25. Rad1 Rdd2 26. Rxd2 Rxd2 27. f5 Qc6 28. Qxc6 bxc6 29. f6 Bf8 30. a5 Rc2 31. Re3 g4 32. Kf1 h5 33. Rd3 Rc1+ 34. Ke2 Ra1 35. Rd8 Ra4 36. Kd3 Rxa5 37. Ke3 Ra3 38. Bd3 Rxc3 39. Kf4 Rc1 40. Bh7+ Kxh7 41. Rxf8 Rf1+ 42. Ke4 Kg6 43. Rg8+ Kh6 44. Rh8+ Kg6 1/2-1/2

[Event "JOR-ch"]
[Site "Amman"]
[Date "2009.04.09"]
[Round "1"]
[White "Rimawi, BT."]
[Black "Al Jada, Ghaleb"]
[Result "1-0"]
[WhiteElo "2240"]
[BlackElo "2054"]
[PlyCount "83"]
[EventDate "2009.04.09"]
[EventType "swiss"]
[EventRounds "9"]
[EventCountry "JOR"]
[SourceTitle "CBM 130 Extra"]
[Source "ChessBase"]
[SourceDate "2009.07.02"]
[SourceVersion "2"]
[SourceVersionDate "2009.07.15"]
[SourceQuality "1"]

1. e4 c6 2. d4 d5 3. Nc3 dxe4 4. Nxe4 Nd7 5. Ng5 Ngf6 6. Bd3 h6 7. Ne6 Qb6 8. Nxf8 Nxf8 9. Nf3 Bg4 10. h3 Bh5 11. 0-0 Qc7 12. Re1 e6 13. a4 Rd8 14. a5 N6h7 15. g4 Bg6 16. Ne5 Bxd3 17. Qxd3 Qd6 18. a6 b6 19. Qf3 Rd7 20. Nxd7 Qxd7 21. Qg3 Ng6 22. Qb8+ Ke7 23. Qb7 Rc8 24. Qxd7+ Kxd7 25. f4 Ne7 26. b3 Re8 27. c4 f5 28. Ba3 g6 29. gxf5 gxf5 30. Kf2 Nf6 31. Rg1 Nh5 32. Ke3 Rc8 33. Bxe7 Kxe7 34. Rg6 Rh8 35. Rag1 Kf7 36. b4 b5 37. d5 exd5 38. Rxc6 bxc4 39. Rc7+ Kf6 40. Rxa7 Rc8 41. Kf3 d4 42. Rc1 1-0

[Event "Olympiad-38"]
[Site "Dresden"]
[Date "2008.11.21"]
[Round "8"]
[White "Rimawi, BT."]
[Black "Waqar, Mohamed"]
[Result "0-1"]
[WhiteElo "2221"]
[BlackElo "2207"]
[PlyCount "108"]
[EventDate "2008.11.13"]
[EventType "team-swiss"]
[EventRounds "11"]
[EventCountry "GER"]
[SourceTitle "CBM 128"]
[Source "ChessBase"]
[SourceDate "2009.01.28"]
[SourceVersion "1"]
[SourceVersionDate "2009.01.28"]
[SourceQuality "1"]
[WhiteTeam "Jordan"]
[BlackTeam "Pakistan"]
[WhiteTeamCountry "JOR"]
[BlackTeamCountry "PAK"]

1. e4 c5 2. Nf3 d6 3. d4 cxd4 4. Nxd4 Nf6 5. Nc3 g6 6. Bc4 Bg7 7. h3 0-0 8. Bb3 Nc6 9. Be3 Bd7 10. 0-0 Rc8 11. f4 a5 12. a4 Nxd4 13. Bxd4 Bc6 14. Qd3 Nd7 15. Bxg7 Kxg7 16. f5 Qb6+ 17. Kh1 Ne5 18. Qd2 Qb4 19. Qf4 f6 20. fxg6 hxg6 21. Rae1 Rh8 22. Re3 Rcf8 23. Rg3 Rh5 24. Nd5 Bxd5 25. Bxd5 Qxa4 26. Rb3 Rb8 27. Qe3 Qd7 28. Qa7 Rhh8 29. Qxa5 e6 30. Rg3 exd5 31. Qxd5 Rbc8 32. c3 Rc5 33. Qd4 Qe6 34. Rd1 Rc6 35. Rf1 Rf8 36. Qb4 Qc4 37. Qxc4 Rxc4 38. Rd1 Nf7 39. Rd4 Rxd4 40. cxd4 Re8 41. Rb3 Rxe4 42. Rxb7 Rxd4 43. b4 f5 44. b5 Kf6 45. b6 Rb4 46. Rb8 Ke7 47. Rb7+ Ke6 48. Rb8 d5 49. b7 Nd6 50. Rg8 Rxb7 51. Rxg6+ Ke5 52. Rg3 d4 53. Ra3 Ke4 54. Kg1 Ke5 0-1

[Event "Olympiad-38"]
[Site "Dresden"]
[Date "2008.11.16"]
[Round "4"]
[White "Saeheng, Boonsueb"]
[Black "Rimawi, BT."]
[Result "1-0"]
[WhiteElo "2314"]
[BlackElo "2221"]
[PlyCount "63"]
[EventDate "2008.11.13"]
[EventType "team-swiss"]
[EventRounds "11"]
[EventCountry "GER"]
[SourceTitle "CBM 128"]
[Source "ChessBase"]
[SourceDate "2009.01.28"]
[SourceVersion "1"]
[SourceVersionDate "2009.01.28"]
[SourceQuality "1"]
[WhiteTeam "Thailand"]
[BlackTeam "Jordan"]
[WhiteTeamCountry "THA"]
[BlackTeamCountry "JOR"]

1. d4 Nf6 2. Nf3 g6 3. c4 Bg7 4. Nc3 0-0 5. e4 d6 6. Be2 e5 7. 0-0 Nc6 8. d5 Ne7 9. b4 Nh5 10. Re1 Nf4 11. Bf1 h6 12. Bxf4 exf4 13. Rc1 g5 14. e5 Ng6 15. exd6 cxd6 16. Nd4 a6 17. c5 Be5 18. Qd3 g4 19. Ne6 Bxe6 20. dxe6 Kg7 21. Ne4 d5 22. Nd6 Bxd6 23. cxd6 Qxd6 24. Qd4+ Kh7 25. exf7 Rxf7 26. Bd3 g3 27. Re5 gxf2+ 28. Kxf2 f3 29. g3 Qf6 30. Rxd5 Qxd4+ 31. Rxd4 Kg7 32. Rg4 1-0

[Event "Amman tt"]
[Site "Amman"]
[Date "2008.06.27"]
[Round "7"]
[White "Rimawi, BT."]
[Black "Samhouri, Admah Fawzi"]
[Result "0-1"]
[WhiteElo "2265"]
[BlackElo "2369"]
[PlyCount "128"]
[EventDate "2008.06.21"]
[EventType "team"]
[EventRounds "8"]
[EventCountry "JOR"]
[SourceTitle "CBM 125 Extra"]
[Source "ChessBase"]
[SourceDate "2008.09.01"]
[SourceVersion "1"]
[SourceVersionDate "2008.09.01"]
[SourceQuality "1"]

1. d4 d5 2. c4 c6 3. Nf3 Nf6 4. Nc3 e6 5. e3 Nbd7 6. Bd3 dxc4 7. Bxc4 b5 8. Bd3 Bb7 9. 0-0 b4 10. Ne4 Be7 11. Qe2 Nxe4 12. Bxe4 0-0 13. Bd2 Qb6 14. Rac1 c5 15. Bxb7 Qxb7 16. Rfd1 Rfd8 17. h3 Rac8 18. Be1 h6 19. dxc5 Nxc5 20. Nd4 a6 21. f3 Nd7 22. Bg3 Rxc1 23. Rxc1 Rc8 24. Rd1 Nb6 25. e4 Nc4 26. Rc1 Nb6 27. Rxc8+ Qxc8 28. Qc2 Qxc2 29. Nxc2 Na4 30. Be5 a5 31. b3 Nc5 32. Bc7 Nb7 33. Kf1 Kf8 34. Ke2 Ke8 35. Kd3 Kd7 36. Be5 f6 37. Bd4 e5 38. Be3 Kc6 39. Ba7 Kb5 40. Ne3 Bc5 41. Bxc5 Nxc5+ 42. Kd2 Ne6 43. Nf5 a4 44. h4 axb3 45. axb3 h5 46. g3 g6 47. Nd6+ Kc5 48. Ne8 Nd4 49. Nxf6 Nxf3+ 50. Kc2 Nd4+ 51. Kd3 Nxb3 52. Nd7+ Kd6 53. Nf8 Nc5+ 54. Kc4 b3 55. Kc3 Nxe4+ 56. Kxb3 Nxg3 57. Nxg6 Ke6 58. Kc4 Kf5 59. Ne7+ Ke4 60. Nd5 Kf3 61. Kd3 e4+ 62. Kd2 Nf5 63. Nf6 e3+ 64. Ke1 Nxh4 0-1

[Event "Amman tt"]
[Site "Amman"]
[Date "2008.06.26"]
[Round "6"]
[White "Elgabry, Mohsen"]
[Black "Rimawi, BT."]
[Result "1-0"]
[WhiteElo "2304"]
[BlackElo "2265"]
[PlyCount "93"]
[EventDate "2008.06.21"]
[EventType "team"]
[EventRounds "8"]
[EventCountry "JOR"]
[SourceTitle "CBM 125 Extra"]
[Source "ChessBase"]
[SourceDate "2008.09.01"]
[SourceVersion "1"]
[SourceVersionDate "2008.09.01"]
[SourceQuality "1"]

1. Nf3 Nf6 2. g3 g6 3. Bg2 Bg7 4. 0-0 0-0 5. c4 d6 6. d4 c5 7. Nc3 Nc6 8. d5 Na5 9. Nd2 a6 10. Qc2 Rb8 11. a3 Qc7 12. b3 b5 13. Bb2 e6 14. Rab1 exd5 15. Nxd5 Nxd5 16. Bxd5 Bxb2 17. Rxb2 Bf5 18. Qc3 Rfe8 19. e3 b4 20. axb4 cxb4 21. Qd4 Nc6 22. Qf4 Ne5 23. Ra2 Nd3 24. Qh6 Nc5 25. Nf3 g5 26. Qxg5+ Bg6 27. Nd4 Re5 28. Qg4 Rh5 29. f4 Qe7 30. Re2 Re8 31. f5 Rg5 32. fxg6 Rxg4 33. Rxf7 Kh8 34. Nf5 Qd7 35. Rxd7 Nxd7 36. Nxd6 Rf8 37. gxh7 Kxh7 38. Be6 Rg6 39. Bf5 Nc5 40. Ra2 Rb8 41. Ne4 Nxe4 42. Bxe4 Rbb6 43. Kg2 Kg7 44. Bxg6 Kxg6 45. Kf3 Kf5 46. Ra5+ Ke6 47. h4 1-0

[Event "Asia Classical 15th"]
[Site "Doha"]
[Date "2006.12.12"]
[Round "7"]
[White "Megaranto, Susanto"]
[Black "Rimawi, BT."]
[Result "1-0"]
[WhiteElo "2492"]
[BlackElo "2317"]
[PlyCount "83"]
[EventDate "2006.12.06"]
[EventType "swiss"]
[EventRounds "9"]
[EventCountry "QAT"]
[SourceTitle "CBM 115 Extra"]
[Source "ChessBase"]
[SourceDate "2007.01.10"]
[SourceVersion "1"]
[SourceVersionDate "2007.01.10"]
[SourceQuality "1"]

1. e4 d6 2. d4 Nf6 3. Nc3 g6 4. Be3 c6 5. f3 Bg7 6. Qd2 b5 7. Bh6 Bxh6 8. Qxh6 Nbd7 9. Nh3 Qb6 10. 0-0-0 e5 11. dxe5 dxe5 12. Kb1 Qc5 13. Be2 Qf8 14. Qd2 Qe7 15. g4 Nb6 16. a3 Bd7 17. Nf2 0-0 18. Qd6 Qxd6 19. Rxd6 Ne8 20. Rdd1 Nc7 21. Nd3 Rfe8 22. Nc5 Red8 23. Nxd7 Rxd7 24. Rxd7 Nxd7 25. Rd1 Nb8 26. Rd8+ Kg7 27. a4 b4 28. Na2 a5 29. Bc4 Kf6 30. Rf8 Ne6 31. Bxe6 Kxe6 32. Nc1 Ke7 33. Rh8 h5 34. Nd3 hxg4 35. fxg4 f6 36. h4 Kf7 37. Kc1 Ke6 38. Kd2 f5 39. exf5+ gxf5 40. gxf5+ Kxf5 41. Ke3 Kg6 42. Ke4 1-0

[Event "Asia Classical 15th"]
[Site "Doha"]
[Date "2006.12.11"]
[Round "6"]
[White "Rimawi, BT."]
[Black "Galappaththi, Chinthaka Anuruddh"]
[Result "1-0"]
[WhiteElo "2317"]
[BlackElo "2204"]
[PlyCount "59"]
[EventDate "2006.12.06"]
[EventType "swiss"]
[EventRounds "9"]
[EventCountry "QAT"]
[SourceTitle "CBM 115 Extra"]
[Source "ChessBase"]
[SourceDate "2007.01.10"]
[SourceVersion "1"]
[SourceVersionDate "2007.01.10"]
[SourceQuality "1"]

1. e4 d6 2. d4 Nf6 3. Nc3 g6 4. f4 Bg7 5. Nf3 0-0 6. Bd3 Bg4 7. h3 Bxf3 8. Qxf3 Nc6 9. Be3 e5 10. dxe5 dxe5 11. f5 Nd4 12. Qf2 c5 13. g4 Ne8 14. Nd5 Rc8 15. c3 c4 16. Bf1 Nb5 17. 0-0-0 Nbd6 18. Bg2 f6 19. h4 Rf7 20. g5 Qa5 21. fxg6 hxg6 22. h5 fxg5 23. Qe2 Qxa2 24. hxg6 Rd7 25. Qg4 Qa1+ 26. Kc2 Qa4+ 27. Kb1 Nxe4 28. Bxe4 Kf8 29. Rdf1+ Nf6 30. Nxf6 1-0

[Event "Asia Classical 15th"]
[Site "Doha"]
[Date "2006.12.10"]
[Round "5"]
[White "Gundavaa, Bayarsaihan"]
[Black "Rimawi, BT."]
[Result "1/2-1/2"]
[WhiteElo "2237"]
[BlackElo "2317"]
[PlyCount "84"]
[EventDate "2006.12.06"]
[EventType "swiss"]
[EventRounds "9"]
[EventCountry "QAT"]
[SourceTitle "CBM 115 Extra"]
[Source "ChessBase"]
[SourceDate "2007.01.10"]
[SourceVersion "1"]
[SourceVersionDate "2007.01.10"]
[SourceQuality "1"]

1. e4 e5 2. Nf3 Nc6 3. Bb5 a6 4. Ba4 Nf6 5. 0-0 Be7 6. Re1 b5 7. Bb3 d6 8. c3 0-0 9. h3 Na5 10. Bc2 c5 11. d4 Qc7 12. Nbd2 cxd4 13. cxd4 Nc6 14. Nb3 a5 15. Be3 a4 16. Nbd2 Bd7 17. Rc1 Qb7 18. Qe2 Rfe8 19. Bd3 Rab8 20. dxe5 dxe5 21. Bc5 Nh5 22. Qe3 Nf4 23. Bxe7 Rxe7 24. Rc5 Nb4 25. Bf1 f6 26. a3 Na6 27. Rcc1 Ree8 28. b4 axb3 29. Nxb3 Rec8 30. Red1 Rxc1 31. Qxc1 Rc8 32. Qe3 Rc7 33. Rd6 Qc8 34. Qb6 Rc6 35. Rxc6 Qxc6 36. Qd8+ Kf7 37. Na5 Qc7 38. Qxc7 Nxc7 39. Nd2 Ke7 40. f3 Kd6 41. Kf2 h5 42. Ke3 h4 1/2-1/2

[Event "Asia Classical 15th"]
[Site "Doha"]
[Date "2006.12.06"]
[Round "1"]
[White "Al Sayed, Mohammed"]
[Black "Rimawi, BT."]
[Result "1-0"]
[WhiteElo "2486"]
[BlackElo "2317"]
[PlyCount "79"]
[EventDate "2006.12.06"]
[EventType "swiss"]
[EventRounds "9"]
[EventCountry "QAT"]
[SourceTitle "CBM 115 Extra"]
[Source "ChessBase"]
[SourceDate "2007.01.10"]
[SourceVersion "1"]
[SourceVersionDate "2007.01.10"]
[SourceQuality "1"]

1. e4 e5 2. Nf3 Nc6 3. Bb5 a6 4. Ba4 Nf6 5. 0-0 Be7 6. Re1 b5 7. Bb3 d6 8. c3 0-0 9. h3 Na5 10. Bc2 c5 11. d4 Qc7 12. Nbd2 cxd4 13. cxd4 Nc6 14. Nb3 a5 15. Be3 a4 16. Nbd2 Bd7 17. Rc1 Qb7 18. Nf1 Rfe8 19. Ng3 h6 20. Qe2 Bd8 21. Red1 b4 22. dxe5 dxe5 23. Nh4 Bb6 24. Nhf5 Bxe3 25. Qxe3 Bxf5 26. Nxf5 Re6 27. Bb1 Qa7 28. Qg3 Ne8 29. Rd5 Rc8 30. Bd3 Kh7 31. Rdc5 g6 32. Ne3 Rd8 33. Nd5 Nd4 34. Qh4 Red6 35. Rc7 Nxc7 36. Rxc7 Qxc7 37. Nxc7 Nf3+ 38. gxf3 Rxd3 39. Qf6 R8d7 40. Ne8 1-0

[Event "Asia rap (Men) 15th"]
[Site "Doha"]
[Date "2006.12.03"]
[Round "5"]
[White "Hassan, Abdullah"]
[Black "Rimawi, BT."]
[Result "1/2-1/2"]
[WhiteElo "2311"]
[BlackElo "2317"]
[PlyCount "85"]
[EventDate "2006.12.02"]
[EventType "swiss (rapid)"]
[EventRounds "9"]
[EventCountry "QAT"]
[SourceTitle "CBM 115 Extra"]
[Source "ChessBase"]
[SourceDate "2007.01.10"]
[SourceVersion "1"]
[SourceVersionDate "2007.01.10"]
[SourceQuality "1"]

1. d4 Nf6 2. Nf3 g6 3. c4 Bg7 4. g3 0-0 5. Bg2 d6 6. 0-0 c5 7. dxc5 dxc5 8. Ne5 Qc7 9. Nd3 Be6 10. Qb3 Nc6 11. Nxc5 Bg4 12. Qxb7 Qxb7 13. Nxb7 Nd4 14. Nc3 Nxe2+ 15. Nxe2 Bxe2 16. Re1 Bxc4 17. Bf4 e6 18. Bd6 Rfc8 19. Ba3 Bd5 20. Nd6 Rd8 21. Rac1 Bxg2 22. Kxg2 Nd5 23. Nc4 Bf8 24. Bxf8 Kxf8 25. Ne5 a5 26. Rc5 Nb4 27. a3 Nd3 28. Nxd3 Rxd3 29. Rc7 Rb8 30. Re2 Rdb3 31. Rd2 R8b7 32. Rxb7 Rxb7 33. Rd8+ Kg7 34. Ra8 Rxb2 35. Rxa5 h5 36. h4 Rb3 37. Ra7 Kf6 38. a4 Ra3 39. a5 e5 40. a6 e4 41. Ra8 Ra1 42. Re8 Rxa6 43. Rxe4 1/2-1/2

[Event "Asia rap (Men) 15th"]
[Site "Doha"]
[Date "2006.12.03"]
[Round "6"]
[White "Rimawi, BT."]
[Black "Ayyad, Maher"]
[Result "1-0"]
[WhiteElo "2317"]
[BlackElo "2137"]
[PlyCount "87"]
[EventDate "2006.12.02"]
[EventType "swiss (rapid)"]
[EventRounds "9"]
[EventCountry "QAT"]
[SourceTitle "CBM 115 Extra"]
[Source "ChessBase"]
[SourceDate "2007.01.10"]
[SourceVersion "1"]
[SourceVersionDate "2007.01.10"]
[SourceQuality "1"]

1. e4 c5 2. Nf3 e6 3. d4 cxd4 4. Nxd4 Nf6 5. Nc3 Nc6 6. Ndb5 Bb4 7. a3 Bxc3+ 8. Nxc3 d5 9. exd5 exd5 10. Bd3 0-0 11. 0-0 d4 12. Ne2 Qd5 13. Nf4 Qd6 14. Nh5 Nxh5 15. Qxh5 h6 16. Bd2 Bd7 17. Rfe1 Rfe8 18. h3 Qf6 19. Re4 Re5 20. Qe2 Rae8 21. Re1 Bf5 22. Rxe5 Rxe5 23. Qf3 Rxe1+ 24. Bxe1 Bxd3 25. Qxd3 Qe5 26. Bd2 a6 27. b3 Qc5 28. a4 Nb4 29. Qe4 Nc6 30. Bc1 Qe5 31. Qxe5 Nxe5 32. Kf1 Kf8 33. Ba3+ Ke8 34. Ke2 g6 35. Bc5 d3+ 36. cxd3 Kd7 37. d4 Nc6 38. d5 Na5 39. b4 Nb3 40. Kd3 Nc1+ 41. Kd2 Na2 42. b5 axb5 43. axb5 b6 44. Bf8 1-0

[Event "Budapest FS11 IM-B"]
[Site "Budapest"]
[Date "1998.11.13"]
[Round "7"]
[White "Rimawi, BT."]
[Black "Jamrich, Gyorgy"]
[Result "0-1"]
[WhiteElo "2250"]
[BlackElo "2310"]
[PlyCount "76"]
[EventDate "1998.11.07"]
[EventType "tourn"]
[EventRounds "11"]
[EventCountry "HUN"]
[EventCategory "2"]
[SourceTitle "CBM 067 Extra"]
[Source "ChessBase"]
[SourceDate "1999.01.01"]
[SourceVersion "1"]
[SourceVersionDate "1999.01.01"]
[SourceQuality "1"]

1. e4 e6 2. d4 d5 3. Nc3 Bb4 4. e5 b6 5. a3 Bf8 6. Bb5+ c6 7. Ba4 Bd7 8. Nf3 c5 9. Bg5 Be7 10. Bxd7+ Qxd7 11. dxc5 bxc5 12. Bxe7 Nxe7 13. b4 0-0 14. 0-0 Rc8 15. Ne2 Ng6 16. bxc5 Rxc5 17. Ned4 Qc7 18. Re1 Nd7 19. Qe2 Rb8 20. h4 h6 21. g3 Rc4 22. Rad1 Nc5 23. h5 Ne7 24. Rb1 Ne4 25. Rb3 Rb6 26. Qe3 Rxb3 27. cxb3 Rc3 28. Qf4 a6 29. Qh4 Nf5 30. Nxf5 Rxf3 31. Nd4 Rd3 32. Rxe4 dxe4 33. Qxe4 Rd1+ 34. Kg2 Qd8 35. Nc6 Qd3 36. Qxd3 Rxd3 37. Nb4 Rxb3 38. Nxa6 Rxa3 0-1

[Event "Budapest FS11 IM-B"]
[Site "Budapest"]
[Date "1998.11.11"]
[Round "5"]
[White "Rimawi, BT."]
[Black "Lengyel, Bela"]
[Result "1/2-1/2"]
[WhiteElo "2250"]
[BlackElo "2385"]
[PlyCount "85"]
[EventDate "1998.11.07"]
[EventType "tourn"]
[EventRounds "11"]
[EventCountry "HUN"]
[EventCategory "2"]
[SourceTitle "CBM 067 Extra"]
[Source "ChessBase"]
[SourceDate "1999.01.01"]
[SourceVersion "1"]
[SourceVersionDate "1999.01.01"]
[SourceQuality "1"]

1. e4 e5 2. Nf3 Nc6 3. Bb5 a6 4. Ba4 Nf6 5. 0-0 Be7 6. Re1 b5 7. Bb3 d6 8. c3 0-0 9. h3 Na5 10. Bc2 c5 11. d4 Qc7 12. Nbd2 Nc6 13. d5 Na5 14. b3 Bd7 15. Nf1 Nb7 16. Be3 c4 17. b4 a5 18. a3 Ra6 19. Rc1 axb4 20. axb4 Rfa8 21. g4 h5 22. gxh5 Bxh3 23. N3h2 Qd7 24. Qf3 Bg4 25. Nxg4 Qxg4+ 26. Qxg4 Nxg4 27. Bd2 Bh4 28. Ng3 Ra2 29. Re2 g6 30. hxg6 fxg6 31. Kg2 Be7 32. f3 Nf6 33. f4 exf4 34. Bxf4 Nd7 35. Bb1 Ra1 36. e5 dxe5 37. Bxg6 Nf8 38. Rxa1 Rxa1 39. Bf5 exf4 40. Rxe7 Nd6 41. Be6+ Nxe6 42. Rxe6 Nf7 43. Ne2 1/2-1/2

[Event "Budapest FS11 IM-B"]
[Site "Budapest"]
[Date "1998.11.10"]
[Round "4"]
[White "Vadasz, Laszlo"]
[Black "Rimawi, BT."]
[Result "1/2-1/2"]
[WhiteElo "2350"]
[BlackElo "2250"]
[PlyCount "41"]
[EventDate "1998.11.07"]
[EventType "tourn"]
[EventRounds "11"]
[EventCountry "HUN"]
[EventCategory "2"]
[SourceTitle "CBM 067 Extra"]
[Source "ChessBase"]
[SourceDate "1999.01.01"]
[SourceVersion "1"]
[SourceVersionDate "1999.01.01"]
[SourceQuality "1"]

1. Nf3 Nf6 2. g3 d5 3. Bg2 c6 4. c4 Bg4 5. Ne5 Be6 6. cxd5 Nxd5 7. d4 Nd7 8. Nd3 g6 9. e4 Nc7 10. Nc3 Bg7 11. Be3 0-0 12. 0-0 Bc4 13. Re1 e5 14. Nxe5 Nxe5 15. dxe5 Bxe5 16. Qc2 Qf6 17. Nd1 Ba6 18. f4 Bd4 19. e5 Qd8 20. Nf2 Ne6 21. Ne4 1/2-1/2

[Event "Budapest FS11 IM-B"]
[Site "Budapest"]
[Date "1998.11.09"]
[Round "3"]
[White "Rimawi, BT."]
[Black "Dudas, Janos"]
[Result "0-1"]
[WhiteElo "2250"]
[BlackElo "2340"]
[PlyCount "76"]
[EventDate "1998.11.07"]
[EventType "tourn"]
[EventRounds "11"]
[EventCountry "HUN"]
[EventCategory "2"]
[SourceTitle "CBM 067 Extra"]
[Source "ChessBase"]
[SourceDate "1999.01.01"]
[SourceVersion "1"]
[SourceVersionDate "1999.01.01"]
[SourceQuality "1"]

1. e4 e6 2. d4 d5 3. Nc3 dxe4 4. Nxe4 Bd7 5. Nf3 Bc6 6. Bd3 Nd7 7. 0-0 Be7 8. b3 Ngf6 9. Nxf6+ Bxf6 10. Bb2 0-0 11. Qe2 b6 12. Rad1 g6 13. Nd2 Bg7 14. c4 Re8 15. g3 e5 16. d5 Bb7 17. Be4 f5 18. Bg2 a5 19. h4 e4 20. Bxg7 Kxg7 21. Nb1 Qf6 22. Na3 c6 23. dxc6 Bxc6 24. Qd2 Rad8 25. Qd6 Ne5 26. Qc7+ Kh6 27. Qxb6 Nf3+ 28. Bxf3 exf3 29. Rxd8 Rxd8 30. Qe3+ Kh5 31. Qf4 Rd4 32. g4+ Kxh4 33. g5+ Rxf4 34. gxf6 Rd4 35. Re1 Rd7 36. Re6 Be4 37. Re7 Rd8 38. f7 Kh3 0-1

[Event "Tanta op 1st"]
[Site "Tanta"]
[Date "1997.??.??"]
[Round "7"]
[White "Abdel Aziem, Ramadan"]
[Black "Rimawi, BT."]
[Result "1-0"]
[WhiteElo "2260"]
[BlackElo "2265"]
[PlyCount "29"]
[EventDate "1997.??.??"]
[EventType "swiss"]
[EventRounds "10"]
[EventCountry "EGY"]
[SourceTitle "EXT 1998"]
[Source "ChessBase"]
[SourceDate "1997.11.17"]
[SourceVersion "1"]
[SourceVersionDate "1997.11.17"]
[SourceQuality "1"]

1. e4 Nf6 2. e5 Nd5 3. d4 d6 4. Nf3 Bg4 5. Be2 e6 6. exd6 cxd6 7. 0-0 Be7 8. c4 Nf6 9. h3 Bh5 10. Nc3 0-0 11. Bf4 d5 12. c5 Nc6 13. b4 Ne4 14. Rc1 Nxb4 15. g4 1-0

[Event "Tanta op 1st"]
[Site "Tanta"]
[Date "1997.??.??"]
[Round "10"]
[White "Alsharhan, Faisal"]
[Black "Rimawi, BT."]
[Result "1/2-1/2"]
[WhiteElo "2150"]
[BlackElo "2265"]
[PlyCount "62"]
[EventDate "1997.??.??"]
[EventType "swiss"]
[EventRounds "10"]
[EventCountry "EGY"]
[SourceTitle "EXT 1998"]
[Source "ChessBase"]
[SourceDate "1997.11.17"]
[SourceVersion "1"]
[SourceVersionDate "1997.11.17"]
[SourceQuality "1"]

1. d4 Nf6 2. Nf3 g6 3. Bg5 Bg7 4. Nbd2 0-0 5. c3 d6 6. e4 Nbd7 7. Be2 h6 8. Bh4 e5 9. dxe5 dxe5 10. 0-0 Qe8 11. Re1 Nc5 12. Qc2 Nh5 13. Bf1 Ne6 14. Nc4 Nef4 15. Nfd2 Bf6 16. Bg3 Qd8 17. Ne3 c6 18. a4 Be6 19. Ndc4 Qc7 20. Rad1 Be7 21. b4 f6 22. Rd2 Rf7 23. Red1 Raf8 24. Nd6 Rg7 25. Nec4 Rd8 26. f3 Bf8 27. Bf2 b6 28. a5 b5 29. Nxb5 Rxd2 30. Rxd2 cxb5 31. Na3 a6 1/2-1/2

[Event "Tanta op 1st"]
[Site "Tanta"]
[Date "1997.??.??"]
[Round "1"]
[White "Berelowitsch, Alexander"]
[Black "Rimawi, BT."]
[Result "0-1"]
[WhiteElo "2495"]
[BlackElo "2265"]
[PlyCount "63"]
[EventDate "1997.??.??"]
[EventType "swiss"]
[EventRounds "10"]
[EventCountry "EGY"]
[SourceTitle "EXT 1998"]
[Source "ChessBase"]
[SourceDate "1997.11.17"]
[SourceVersion "1"]
[SourceVersionDate "1997.11.17"]
[SourceQuality "1"]

1. e4 e5 2. Nf3 Nc6 3. Bb5 a6 4. Ba4 Nf6 5. 0-0 Be7 6. Re1 b5 7. Bb3 d6 8. c3 0-0 9. h3 Na5 10. Bc2 c5 11. d4 Qc7 12. Nbd2 cxd4 13. cxd4 Nc6 14. d5 Nb4 15. Bb1 a5 16. Nf1 Bd7 17. Bd2 Na6 18. Bc2 Ne8 19. Rc1 g6 20. Bh6 Ng7 21. Ne3 Nc5 22. g4 Nb7 23. Qd2 Nd8 24. a4 b4 25. Bb3 Qb8 26. Nc4 f6 27. Nfxe5 fxe5 28. Nxe5 Be8 29. Nc6 Qb7 30. e5 Bh4 31. Be3 dxe5 32. Nxe5 0-1

[Event "Tanta op 1st"]
[Site "Tanta"]
[Date "1997.??.??"]
[Round "5"]
[White "Tayeb, Suhail"]
[Black "Rimawi, BT."]
[Result "1-0"]
[WhiteElo "2165"]
[BlackElo "2265"]
[PlyCount "45"]
[EventDate "1997.??.??"]
[EventType "swiss"]
[EventRounds "10"]
[EventCountry "EGY"]
[SourceTitle "EXT 1998"]
[Source "ChessBase"]
[SourceDate "1997.11.17"]
[SourceVersion "1"]
[SourceVersionDate "1997.11.17"]
[SourceQuality "1"]

1. e4 d6 2. d4 Nf6 3. Nc3 g6 4. f4 Bg7 5. Nf3 0-0 6. Be3 a6 7. a4 b6 8. Bd3 c5 9. dxc5 bxc5 10. 0-0 Nc6 11. h3 Rb8 12. Rb1 Qa5 13. Nd2 Be6 14. g4 d5 15. Nb3 Rxb3 16. cxb3 d4 17. e5 Ne8 18. f5 Bd7 19. f6 exf6 20. exf6 Nxf6 21. Bg5 Nxg4 22. Nd5 Ne3 23. Qf3 1-0

[Event "Asia zt"]
[Site "India"]
[Date "1990.??.??"]
[Round "?"]
[White "Lodhi, Mahmood"]
[Black "Rimawi, BT."]
[Result "1/2-1/2"]
[WhiteElo "2425"]
[BlackElo "2230"]
[PlyCount "125"]
[EventDate "1990.??.??"]
[EventType "swiss"]
[EventRounds "9"]
[EventCountry "IND"]
[SourceTitle "EXT 2004"]
[Source "ChessBase"]
[SourceDate "2003.11.25"]
[SourceVersion "1"]
[SourceVersionDate "2003.11.25"]
[SourceQuality "1"]

1. d4 Nf6 2. c4 e6 3. Nf3 c5 4. d5 exd5 5. cxd5 d6 6. Nc3 g6 7. e4 Bg7 8. Be2 0-0 9. 0-0 Re8 10. Nd2 Na6 11. f3 Nc7 12. a4 b6 13. Nc4 Ba6 14. Bf4 Nh5 15. Bd2 Bxc4 16. Bxc4 Bd4+ 17. Kh1 Ng3+ 18. hxg3 Re5 19. f4 Rh5+ 20. Qxh5 gxh5 21. Rae1 a6 22. b3 Rb8 23. Ne2 Bg7 24. Ng1 b5 25. axb5 axb5 26. Bd3 Ra8 27. Bc1 Ra2 28. Nf3 Qd7 29. Nh4 Qg4 30. Rf3 Qd7 31. Nf5 Bc3 32. Rd1 b4 33. Kh2 Nb5 34. e5 Nd4 35. Nxd4 Bxd4 36. exd6 Qxd6 37. Bc4 Qg6 38. f5 Qg4 39. Rdf1 h4 40. Be3 h3 41. R1f2 Rxf2 42. Bxf2 Bxf2 43. Rxf2 hxg2 44. Kxg2 Qd4 45. f6 Kf8 46. Rf4 Qd2+ 47. Kh3 Ke8 48. Rh4 Qd1 49. Re4+ Kd7 50. Kg2 Kd6 51. Re2 Qa1 52. Rf2 Qb1 53. Rf4 Qa1 54. Rf1 Qc3 55. Kh3 Qe5 56. Kg4 Qe4+ 57. Rf4 Qg6+ 58. Kh3 h6 59. Rf1 Qh5+ 60. Kg2 Qe5 61. Rf2 Qa1 62. Re2 Qxf6 63. Ra2 1/2-1/2